LDR 00881naa#a2200157#i#450# 001 RU\\bibl\121817 005 20260606124658.6 011 ## _a2500-1795 100 ## _a20260525b2026####ek#y0rusy0150####ca 102 ## _aRU 200 1# _aОБОСОБЛЕННЫЕ ПРИСОЕДИНИТЕЛЬНЫЕ ОПРЕДЕЛЕНИЯ- ПРИЛАГАТЕЛЬНЫЕ В ЛЕКСИКОГРАФИЧЕСКОМ АСПЕКТЕ _eЖурнальная статья 210 1# _aНижневартовск _cФедеральное государственное бюджетное образовательное учреждение высшего образования Нижневартовский государственный университет _d2026 215 ## _a14 с. 608 ## _aЖурнальная статья _2local 700 #1 _aСаньярова _gНайля Смадьяровна 856 4# _avestnik.nvsu.ru _u